书目信息 |
| 题名: |
社会民主主义概论
|
|
| 作者: | 殷叙彝 著 | |
| 分册: | ||
| 出版信息: | 北京 中央编译出版社 2011.03 |
|
| 页数: | 477页 | |
| 开本: | 25cm | |
| 丛书名: | 国家哲学社会科学成果文库 | |
| 单 册: | ||
| 中图分类: | D033.4 | |
| 科图分类: | ||
| 主题词: | 社会民主主义--研究 , 社会民主主义 | |
| 电子资源: | ||
| ISBN: | 978-7-5117-0792-5 | |
| 000 | 00989oam2 2200289 450 | |
| 001 | 010010078115 | |
| 005 | 20120618151549.50 | |
| 010 | @a978-7-5117-0792-5@b精装@dCNY98.00 | |
| 100 | @a20110517d2011 em y0chiy50 ea | |
| 101 | 0 | @achi@eeng |
| 102 | @aCN@b110000 | |
| 105 | @aa z 000yy | |
| 106 | @ar | |
| 200 | 1 | @a社会民主主义概论@9she hui min zhu zhu yi gai lun@f殷叙彝著 |
| 210 | @a北京@c中央编译出版社@d2011.03 | |
| 215 | @a477页@c照片@d25cm | |
| 225 | 2 | @a国家哲学社会科学成果文库 |
| 312 | @a封底英文题名:Outline of social democracy | |
| 330 | @a本书主要内容包括:社会民主主义概念的发展、社会民主主义和伦理社会主义;社会民主主义的国家理论;社会民主主义和自由主义等。 | |
| 461 | 0 | @12001 @a国家哲学社会科学成果文库 |
| 510 | 1 | @aOutline of social democracy@zeng |
| 606 | 0 | @a社会民主主义@x研究 |
| 606 | 0 | @a社会民主主义 |
| 690 | @aD033.4@v4 | |
| 701 | 0 | @a殷叙彝@9yin xu yi@f(1925-)@4著 |
| 801 | 0 | @aCN@bRENTIAN@c20110517 |
| 905 | @b538295-99@dD033.4@e103@f5 | |
| 社会民主主义概论/殷叙彝著.-北京:中央编译出版社,2011.03 |
| 477页:照片;25cm.-(国家哲学社会科学成果文库) |
| ISBN 978-7-5117-0792-5(精装):CNY98.00 |
| 本书主要内容包括:社会民主主义概念的发展、社会民主主义和伦理社会主义;社会民主主义的国家理论;社会民主主义和自由主义等。 |
| ● |
| 相关链接 |
|
|
|
|
正题名:社会民主主义概论
索取号:D033.4/103
 
预约/预借
| 序号 | 登录号 | 条形码 | 馆藏地/架位号 | 状态 | 备注 |
| 1 | 538295 | 205382959 | 第一样本阅览室/ [索取号:D033.4/103] | 在馆 | |
| 2 | 538296 | 205382968 | 第一借阅区/ [索取号:D033.4/103] | 在馆 | |
| 3 | 538297 | 205382977 | 第一借阅区/ [索取号:D033.4/103] | 在馆 | |
| 4 | 538298 | 205382986 | 第一借阅区/ [索取号:D033.4/103] | 在馆 | |
| 5 | 538299 | 205382995 | 第一借阅区/ [索取号:D033.4/103] | 在馆 |